Theories of human communication
Đã lưu trong:
| Tác giả chính: | |
|---|---|
| Định dạng: | Sách |
| Ngôn ngữ: | Undetermined |
| Được phát hành: |
Australia
Wadsworth/Thomson Learning
2002
|
| Những chủ đề: | |
| Các nhãn: |
Thêm thẻ
Không có thẻ, Là người đầu tiên thẻ bản ghi này!
|
| Thư viện lưu trữ: | Trung tâm Học liệu Trường Đại học Cần Thơ |
|---|
| LEADER | 00519nam a2200193Ia 4500 | ||
|---|---|---|---|
| 001 | CTU_49649 | ||
| 008 | 210402s9999 xx 000 0 und d | ||
| 082 | |a 302.201 | ||
| 082 | |b L778 | ||
| 100 | |a STEPHEN W LITTLEJOHN | ||
| 245 | 0 | |a Theories of human communication | |
| 245 | 0 | |c STEPHEN W LITTLEJOHN | |
| 260 | |a Australia | ||
| 260 | |b Wadsworth/Thomson Learning | ||
| 260 | |c 2002 | ||
| 650 | |a Communication | ||
| 650 | |x Philosophy | ||
| 904 | |i Minh | ||
| 980 | |a Trung tâm Học liệu Trường Đại học Cần Thơ | ||